MARC

LEADER 00000nam0a2200000 4500
001 285622
005 20231101235819.0
035 |a (RuTPU)RU\TPU\book\309867 
090 |a 285622 
100 |a 20150226d1984 k y0rusy5003 ca 
101 0 |a rus 
102 |a UA 
105 |a ab z 001zy 
200 1 |a Локальные структуры зон напряжений докембрия  |f О. И. Слензак  |g Академия наук Украинской ССР (АН УССР), Институт геологических наук (ИГН) 
210 |a Киев  |c Наукова думка  |d 1984 
215 |a 104 с.  |c ил., карт.  |d 26 см 
606 1 |a Складчатость горных пород  |2 stltpush  |3 (RuTPU)RU\TPU\subj\55032  |9 73104 
606 1 |a Докембрий  |2 stltpush  |3 (RuTPU)RU\TPU\subj\67322  |9 83166 
610 1 |a Украинский щит 
610 1 |a локальные деформационные структуры 
610 1 |a строение 
610 1 |a сдвиг 
610 1 |a качение 
610 1 |a скручивание 
610 1 |a тектонические движения 
610 1 |a метаморфизм 
675 |a 551.243.3  |z rus  |v 4 
675 |a 551.71/.72  |z rus  |v 4 
700 1 |a Слензак  |b О. И.  |g Олег Игоревич  |4 070 
712 0 2 |a Академия наук Украинской ССР (АН УССР)  |b Институт геологических наук (ИГН)  |c (Киев)  |2 stltpush  |3 (RuTPU)RU\TPU\col\12890 
801 0 |a RU  |b RuMRKP  |c 19950704  |g psbo 
801 1 |a RU  |b 63413507  |c 20150226 
801 2 |a RU  |b 63413507  |c 20171218  |g RCR 
942 |c BK